Best Universities by Letter Quiz Stats

 Plays Quiz Updated Oct 3, 2018

Score 0/25 Timer 06:00
3 Plays Today
Letter University % Correct
HHarvard University
97.3%
YYale University
94.3%
PPrinceton University
81.8%
BBrown University
70.3%
SStanford University
67.8%
MMassachusetts Institute of Technology
59.2%
XXavier University
55.2%
WWashington University in St. Louis
49.5%
DDuke University
46%
GGeorgetown University
41.3%
VVanderbilt University
38.9%
NNorthwestern University
35.6%
CCalifornia Institute of Technology
34.5%
Letter University % Correct
FUniversity of Florida
32.2%
IUniversity of Illinois-Urbana-Champaign
31.9%
KUniversity of Kansas
29.8%
UUniversity of Utah
29.5%
EEmory University
27.6%
OOhio State University-Columbus
27.6%
JJohns Hopkins University
22.9%
RRice University
22.6%
TTufts University
19.5%
AAmerican University
19.1%
QQuinnipiac University
16.4%
LLehigh University
11%

You're not logged in!

Compare scores with friends on all Sporcle quizzes.
OR
Log In

Sporcle TV

Today on Sporcle TV


Watch our educational content, quiz creation guides, and fun videos on Sporcle TV.

Show Comments

Extras

Top Quizzes Today


Score Distribution

Your Account Isn't Verified!

In order to create a playlist on Sporcle, you need to verify the email address you used during registration. Go to your Sporcle Settings to finish the process.

Report this User

Report this user for behavior that violates our Community Guidelines.

Details: